000 00612nam a2200217Ia 4500
005 20250508164109.0
008 008 250505s9999 xx 000 0 eng d
020 _a1-57356-413-3
037 _aReference
040 _aFEDL
_beng
_cFEDL
041 _aeng
_2eng
084 _a370.3, LEO
_qFEDL
100 _aLeonard David C
_9592483
245 0 _aLearning theories : A to Z
260 _aLondon, UK
_bGreenwood Press
_c2002
300 _axiv, 249p
365 _aUSD
_b63.95
650 _aEducation - Dictionaries; Learning
_9777321
942 _cREF
_h370.3, LEO
999 _c1387038
_d1387038